| 000 | 01092cam a2200289 a 4500 | ||
|---|---|---|---|
| 001 | 2536 | ||
| 005 | 20240105154946.0 | ||
| 020 | _a9780545639101 | ||
| 040 |
_aDLC _cDLC _dDLC _beng |
||
| 050 | 0 | 0 | _aTL793.G645 |
| 082 | 0 | 0 | _a629.45 |
| 100 | 1 |
_aGoodman, Susan E _d1952- |
|
| 245 | 1 | 0 |
_aHow do you burp in space? : _band other tips every space tourist needs to know / _cSusan Goodman ; illustrated by Michael Slack |
| 250 | _aFirst Scholastic printing, September 2013 | ||
| 260 |
_aNew York ; _bScholastic, _c2013 |
||
| 300 |
_a71 pages : _bcolor illustrations ; _c24 cm |
||
| 505 | _aV | ||
| 520 | _a"A non-fiction travel guide to space tourism that includes information about accommodations, attractions, and more." -- | ||
| 521 |
_a830
_bLexile |
||
| 521 |
_aV
_bRaz-Plus |
||
| 650 | 0 |
_aManned space flight _vJuvenile literature. |
|
| 650 | 0 |
_aInterplanetary voyages _vJuvenile literature. |
|
| 650 | 0 |
_aSpace tourism _vJuvenile literature. |
|
| 700 | 1 |
_aSlack, Michael H _d1969- _eillustrator |
|
| 906 |
_a7 _bcbc _corignew _d1 _eecip _f20 _gy-gencatlg |
||
| 942 |
_2ddc _cBK _n0 |
||
| 999 |
_c2536 _d2536 |
||